[Event "FRA-chT U20 0809"]
[Site "Sautron"]
[Date "2009.01.03"]
[Round "5.9"]
[White "Weyegar, Angelvy Joe"]
[Black "Radoman, Emmanuel"]
[Result "0-1"]
[WhiteElo "1270"]
[BlackElo "1060"]
[PlyCount "74"]
[EventDate "2008.10.??"]
[EventType "team-tourn"]
[EventRounds "11"]
[EventCountry "FRA"]
[SourceTitle "EXT 2010"]
[Source "ChessBase"]
[SourceDate "2010.11.25"]
[SourceVersion "1"]
[SourceVersionDate "2010.11.25"]
[SourceQuality "1"]

1. d4 d5 2. c4 c6 3. Nf3 Nf6 4. Nc3 e6 5. Bg5 h6 6. Bxf6 Qxf6 7. e3 Bb4 8. Bd3 Bxc3+ 9. bxc3 0-0 10. 0-0 e5 11. dxe5 Qe6 12. c5 Nd7 13. Bb1 g6 14. Qd4 Rd8 15. Qh4 Kg7 16. Qxd8 Nxc5 17. Nd4 Qxe5 18. Bc2 Ne6 19. Nxe6+ fxe6 20. Qa5 b6 21. Qa3 c5 22. Rfd1 b5 23. Qxc5 Bd7 24. Qe7+ Kg8 25. Qxd7 Qxc3 26. Qxe6+ Kf8 27. Qd6+ Kf7 28. Qxd5+ Kf6 29. Qxa8 Qxc2 30. Qd8+ Ke5 31. Qd4+ Ke6 32. h3 a5 33. Qd5+ Kf6 34. Qd6+ Kf5 35. g4+ Ke4 36. Rd4+ Kf3 37. Kf1 Qxf2# 0-1